[Event "2nd Kalyan Dombivali 2019"]
[Site "Kalyan"]
[Date "2019.01.30"]
[Round "3"]
[White "Arvind, Ramnath Iyer"]
[Black "Satkar, Chirag"]
[Result "0-1"]
[WhiteElo "1567"]
[BlackElo "2071"]
[Annotator "NA RC"]
[PlyCount "76"]
[EventDate "2019.01.28"]
[EventType "swiss"]
[EventRounds "10"]
[EventCountry "IND"]
[SourceTitle "playchess.com"]
[Source "ChessBase"]
[SourceQuality "1"]
[TimeControl "5400+30"]

1. e4 {[%emt 0:11:56]} e5 {[%emt 0:00:00]} 2. Nf3 {[%emt 0:02:19]} Nc6 {[%emt 0:00:00]} 3. Bc4 {[%emt 0:01:48]} Nf6 {[%emt 0:00:31]} 4. d3 {[%emt 0:00:23]} h6 {[%emt 0:00:15]} 5. O-O {[%emt 0:00:35]} d6 {[%emt 0:01:01]} 6. c3 {[%emt 0:01:43]} g6 {[%emt 0:00:26]} 7. Be3 {[%emt 0:00:28]} Bg7 {[%emt 0:00:35]} 8. Re1 {[%emt 0:02:32]} O-O {[%emt 0:02:45]} 9. Nbd2 {[%emt 0:02:50]} a6 {[%emt 0:09:38]} 10. Bb3 {[%emt 0:02:34]} Ng4 {[%emt 0:29:06]} 11. Nf1 {[%emt 0:06:37]} Kh7 {[%emt 0:04:00]} 12. h3 {[%emt 0:00:40]} Nxe3 {[%emt 0:02:12]} 13. Nxe3 {[%emt 0:03:39]} f5 {[%emt 0:01:59]} 14. exf5 {[%emt 0:03:42]} gxf5 {[%emt 0:00:22]} 15. Bc2 {[%emt 0:00:58]} d5 {[%emt 0:02:13]} 16. Qe2 {[%emt 0:05:43]} Be6 {[%emt 0:02:25]} 17. Rad1 {[%emt 0:01:34]} Qf6 {[%emt 0:05:37]} 18. Nd2 {[%emt 0:02:55]} Kh8 {[%emt 0:04:13]} 19. f3 {[%emt 0:01:16]} Rae8 {[%emt 0:03:20]} 20. Nb3 {[%emt 0:01:14]} d4 {[%emt 0:07:37]} 21. Nf1 {[%emt 0:03:27]} b6 {[%emt 0:01:28]} 22. c4 {[%emt 0:01:07]} Bf7 {[%emt 0:01:14]} 23. a3 {[%emt 0:02:59]} Ne7 {[%emt 0:00:33]} 24. Nbd2 {[%emt 0:00:39]} Ng6 {[%emt 0:00:16]} 25. g3 {[%emt 0:00:34]} Rg8 {[%emt 0:00:37]} 26. Kh2 {[%emt 0:00:39]} Bf8 {[%emt 0:00:30]} 27. b4 {[%emt 0:01:15]} h5 {[%emt 0:04:23]} 28. f4 {[%emt 0:01:35]} exf4 {[%emt 0:07:14]} 29. Qxh5+ {[%emt 0:00:52]} Kg7 {[%emt 0:00:02]} 30. Rxe8 {[%emt 0:00:51]} Bxe8 {[%emt 0:00:03]} 31. gxf4 {[%emt 0:01:22]} Bd6 {[%emt 0:01:15]} 32. Ng3 {[%emt 0:01:39]} Bxf4 {[%emt 0:02:11]} 33. Qf3 {[%emt 0:01:32]} Bc6 {[%emt 0:01:00]} 34. Qf2 {[%emt 0:01:05]} Qh4 {[%emt 0:01:04]} 35. Rg1 {[%emt 0:07:20]} Qxh3+ {[%emt 0:00:42]} 36. Kxh3 {[%emt 0:01:13]} Rh8+ {[%emt 0:00:01]} 37. Nh5+ {[%emt 0:00:30]} Rxh5+ {[%emt 0:00:03]} 38. Qh4 {[%emt 0:00:06]} Rxh4# {[%emt 0:00:03]} 0-1

[Event "2nd Kalyan Dombivali 2019"]
[Site "Kalyan"]
[Date "2019.01.30"]
[Round "3"]
[White "Borgaonkar Akshay"]
[Black "Gusain, Himal"]
[Result "0-1"]
[WhiteElo "1534"]
[BlackElo "2371"]
[Annotator "TA"]
[PlyCount "92"]
[EventDate "2019.01.28"]
[EventType "swiss"]
[EventRounds "10"]
[EventCountry "IND"]
[SourceTitle "playchess.com"]
[Source "ChessBase"]
[SourceQuality "1"]

{[%evp 13,92,6,8,0,13,0,8,4,36,37,62,27,51,35,38,0,12,-52,12,0,9,0,11,0,26,21,47,53,60,48,55,24,30,0,2,-2,-5,-4,-11,-84,-77,-87,-87,-127,-126,-133,-133,-122,-128,-135,-127,-176,-188,-214,-209,-437,-201,-235,-201,-293,-201,-210,-210,-203,-195,-210,-184,-366,-366,-470,-213,-450,-346,-481,-457,-652,-458,-539,-525,-794,-663]} 1. e4 $146 (1. d4 Nf6 2. Nf3 g6 3. Nbd2 Bg7 4. e4 {1-0 (40) Xiong,J (2651)-Vachier Lagrave,M (2780) chess.com INT 2018}) ({Predecessor:} 1. d4 Nf6 2. Nf3 g6 3. Nbd2 Bg7 4. e4 {1-0 (34) Hamlack,H (2003)-Eschle,H (1834) Bad Woerishofen 2015}) 1... d6 2. d4 Nf6 3. Nd2 g6 4. Ngf3 Bg7 5. Bd3 Nc6 (5... O-O 6. O-O Nc6 {1-0 (40) Xiong,J (2651)-Vachier Lagrave,M (2780) chess.com INT 2018}) ({Predecessor:} 5... O-O 6. O-O Nc6 {1-0 (34) Hamlack,H (2003)-Eschle,H (1834) Bad Woerishofen 2015}) 6. c3 O-O 7. O-O e5 8. a3 {B07: Pirc Defence: Miscellaneous Systems} (8. dxe5 Nxe5 9. Nxe5 dxe5 10. Nc4 Qe7 11. Qe2 Rd8 12. Rd1 Bg4 13. f3 Be6 14. Be3 Ne8 15. Na5 c6 16. b4 Nd6 17. Nc4 Nxc4 18. Bxc4 b6 {1-0 (40) Xiong,J (2651)-Vachier Lagrave,M (2780) chess.com INT 2018}) 8... Nh5 {[%cal Re5d4]} 9. Nb3 h6 ({Predecessor:} 9... Bg4 10. Be2 Nf4 11. Bxf4 exf4 12. h3 Bd7 13. Re1 g5 14. d5 Ne5 15. Nxe5 Bxe5 {1-0 (34) Hamlack,H (2003)-Eschle,H (1834) Bad Woerishofen 2015}) 10. h3 {The position is equal.} Qf6 11. Re1 Bd7 12. Be2 Rad8 13. Be3 Nf4 14. Bxf4 Qxf4 15. Qc2 (15. d5 $11 Ne7 16. Nbd2) 15... Rfe8 (15... exd4 $15 16. cxd4 Rfe8) 16. d5 $11 Ne7 17. Na5 b6 18. Nc4 Kh7 19. Ne3 Ng8 20. a4 a5 21. b3 Qf6 22. Rf1 Qe7 23. Bd3 f5 24. Rfe1 ({But not} 24. exf5 e4 $17) 24... f4 25. Nf1 g5 26. N3h2 (26. Bb5 $11 {keeps the balance.}) 26... h5 $17 27. Qd1 Nf6 28. f3 Rg8 29. Bb5 Bc8 30. Be2 Bh6 31. Ra2 Rg6 32. Rb2 Rdg8 33. c4 Qg7 34. Qd3 $2 {[#]} (34. Rc2) 34... g4 (34... Bxh3 $142 $1 {[%mdl 512]} 35. gxh3 g4 $1 {[%mdl 512]} 36. fxg4 hxg4) 35. hxg4 hxg4 36. fxg4 (36. Nxg4 $142 Nxg4 37. fxg4) 36... Nxg4 37. Nxg4 Bxg4 38. Bxg4 Rxg4 39. Qf3 Qg5 40. Ree2 $2 (40. Rc1) 40... Qh4 $19 41. b4 {[#]} axb4 (41... Rg3 $142 $1 {[%mdl 512]} 42. Nxg3 Rxg3) 42. Rxb4 $2 (42. Rb3 {was the only chance.}) 42... R4g5 43. Rbb2 Rh5 {Black is clearly winning.} 44. Rec2 (44. Rb3 $142) 44... Bf8 45. Ra2 Be7 46. Rab2 Rh6 {Accuracy: White = 24%, Black = 61%.} 0-1

[Event "2nd Kalyan Dombivali 2019"]
[Site "Kalyan"]
[Date "2019.01.30"]
[Round "3"]
[White "Pednekar Ayush"]
[Black "Kathmale, Sameer"]
[Result "0-1"]
[WhiteElo "1501"]
[BlackElo "2312"]
[Annotator "ChessBase"]
[PlyCount "58"]
[EventDate "2019.01.28"]
[EventType "swiss"]
[EventRounds "10"]
[EventCountry "IND"]
[SourceTitle "playchess.com"]
[Source "ChessBase"]
[SourceQuality "1"]
[TimeControl "5400+30"]

1. Nf3 {[%emt 0:00:00]} Nf6 {[%emt 0:00:22]} 2. e3 {[%emt 0:00:00]} d5 {[%emt 0:01:26]} 3. b3 {[%emt 0:00:54]} Bf5 {[%emt 0:02:34]} 4. Bb2 {[%emt 0:00:19]} h6 {[%emt 0:00:33]} 5. Be2 {[%emt 0:00:48]} e6 {[%emt 0:00:23]} 6. c4 {[%emt 0:00:44]} c6 {[%emt 0:00:10]} 7. d3 {[%emt 0:04:01]} Nbd7 {[%emt 0:03:24]} 8. Nc3 {[%emt 0:00:48]} Be7 {[%emt 0:02:23]} 9. Rc1 {[%emt 0:00:48]} O-O {[%emt 0:02:37]} 10. O-O {[%emt 0:00:18]} Bh7 {[%emt 0:01:00]} 11. Re1 {[%emt 0:02:02]} e5 {[%emt 0:04:30]} 12. cxd5 {[%emt 0:03:37]} cxd5 {[%emt 0:00:21]} 13. d4 {[%emt 0:07:52]} e4 {[%emt 0:01:04]} 14. Ne5 {[%emt 0:01:04]} Bf5 {[%emt 0:01:13]} 15. Bf1 {[%emt 0:05:43]} a6 {[%emt 0:07:10]} 16. Ne2 {[%emt 0:04:23]} Bd6 {[%emt 0:01:34]} 17. Qd2 {[%emt 0:08:28]} Re8 18. Nxd7 {[%emt 0:00:25]} Bxh2+ {[%emt 0:15:16]} 19. Kh1 {[%emt 0:18:59]} Ng4 {[%emt 0:07:42]} 20. g3 {[%emt 0:01:05]} Qxd7 {[%emt 0:12:00]} 21. Nc3 {[%emt 0:05:02]} Qd6 {[%emt 0:08:14]} 22. Bh3 {[%emt 0:02:59]} Bxg3 {[%emt 0:01:26]} 23. fxg3 {[%emt 0:08:08]} Qxg3 {[%emt 0:00:11]} 24. Bxg4 {[%emt 0:02:21]} Bxg4 {[%emt 0:00:14]} 25. Rf1 {[%emt 0:01:51]} Bf3+ {[%emt 0:00:19]} 26. Rxf3 {[%emt 0:00:08]} exf3 {[%emt 0:00:46]} 27. Rc2 {[%emt 0:05:09]} Re6 {[%emt 0:02:33]} 28. Nxd5 {[%emt 0:02:50]} Qh4+ {[%emt 0:00:34]} 29. Qh2 {[%emt 0:00:41]} Qe4 {[%emt 0:00:17]} 0-1

[Event "2nd Kalyan Dombivali 2019"]
[Site "Kalyan"]
[Date "2019.01.30"]
[Round "3"]
[White "Kamble Dipankar"]
[Black "Snehal, Bhosale"]
[Result "0-1"]
[WhiteElo "1487"]
[BlackElo "2135"]
[Annotator "TA"]
[PlyCount "88"]
[EventDate "2019.01.28"]
[EventType "swiss"]
[EventRounds "10"]
[EventCountry "IND"]
[SourceTitle "playchess.com"]
[Source "ChessBase"]
[SourceQuality "1"]

{[%evp 14,88,0,0,44,43,33,8,18,29,94,65,66,14,35,0,1,0,0,-7,0,0,24,31,33,23,31,16,16,22,30,18,16,25,18,25,22,-43,-47,-45,-46,-80,-44,-43,-5,-8,-9,-300,-42,-106,-28,-31,-40,-186,-81,-94,-102,-100,-55,-91,-89,-791,-828,-1088,-1066,-1118,-1089,-1269,-1262,-1242,-1191,-3793,-2757,-2243,-1790,-29976,-7894]} 1. e4 e5 2. Nf3 $146 ({Predecessor:} 2. d4 exd4 3. Nf3 {½-½ (35) San Claudio Gonzalez,F (2240)-Sanz Alonso,F (2410) Spain 1993}) 2... Nc6 3. d4 exd4 4. Bc4 Nf6 5. Ng5 Ne5 6. Qxd4 Nxc4 7. Qxc4 d5 8. exd5 h6 {C56: Two Knights: 4 d4 exd4 5 0-0 Nxe4} 9. Ne4 Nxd5 10. O-O Nb6 {The position is equal.} 11. Qe2 {[%cal Re4f6] [#]} Be6 (11... Qe7 $1 $11 {remains equal.}) 12. Rd1 $16 Qc8 13. Nbc3 ({White should try} 13. Qe3 $14) ({Predecessor:} 13. Be3 Nd7 14. Bd4 Rg8 15. Nbc3 Be7 16. f4 {½-½ (35) San Claudio Gonzalez,F (2240)-Sanz Alonso,F (2410) Spain 1993}) 13... Be7 $11 14. Qb5+ c6 $132 {[%mdl 2048] Black puts up resistance} 15. Qe5 O-O 16. Qg3 {aiming for Bxh6.} Kh8 17. Be3 c5 18. Bf4 Qc6 19. Be5 {[%csl Ge5][%cal Rg3g7]} f6 20. Bd6 Rae8 21. Nxc5 Bf5 {And now ...Bxd6 would win.} 22. Bxe7 Rxe7 23. Nd3 Nc4 24. Nb4 Qc5 25. a3 (25. Nbd5 $11 Rd7 26. b3) 25... Nxb2 $15 26. Rd5 Qc8 27. h4 Bh7 28. Nb5 a5 29. Nd6 Qc7 30. Nd3 $2 {[%mdl 8192]} (30. Qb3 $1 $11 {and White stays safe.}) 30... Qxc2 $2 ({Black should play} 30... Nxd3 $19 31. cxd3 Rd7) 31. Nf4 (31. Nxb2 $15 Qxb2 32. Rf1) 31... Nc4 (31... g5 $1 $17 {[%cal Rg5f4]} 32. Nh3 Nd3) 32. Nxc4 $11 Qxc4 33. Rxa5 {[#]} (33. Rad1 $15) 33... Re4 (33... b6 $1 $19 {[%cal Rb6a5] has better winning chances.} 34. Rh5 Re4 35. Ng6+ Bxg6 36. Qxg6 Rg4) 34. Ng6+ Bxg6 $1 35. Qxg6 Rxh4 36. Rb1 Rg4 37. Qf5 $2 {[%mdl 8192]} (37. Rc5 $17) 37... Rg5 $19 38. Qd7 Rxa5 39. Qe7 Rc8 40. g3 b5 41. Rd1 Qc5 42. Qf7 Ra7 43. Qg6 Qxa3 44. Re1 Re7 {Accuracy: White = 36%, Black = 36%.} 0-1

[Event "2nd Kalyan Dombivali 2019"]
[Site "Kalyan"]
[Date "2019.01.30"]
[Round "3"]
[White "Soni Deepak R"]
[Black "Kadam Om Manish"]
[Result "0-1"]
[WhiteElo "1425"]
[BlackElo "1944"]
[Annotator "NA RC"]
[PlyCount "58"]
[EventDate "2019.01.28"]
[EventType "swiss"]
[EventRounds "10"]
[EventCountry "IND"]
[SourceTitle "playchess.com"]
[Source "ChessBase"]
[SourceQuality "1"]
[TimeControl "5400+30"]

1. d4 {[%emt 0:00:00]} Nf6 {[%emt 0:00:00]} 2. Nf3 {[%emt 0:00:00]} e6 {[%emt 0:00:00]} 3. Bf4 {[%emt 0:00:00]} c5 {[%emt 0:00:01]} 4. e3 {[%emt 0:00:00]} b6 {[%emt 0:00:05]} 5. Nbd2 {[%emt 0:01:10]} Bb7 {[%emt 0:00:07]} 6. Nc4 {[%emt 0:00:51]} cxd4 {[%emt 0:03:15]} 7. Nxd4 {[%emt 0:18:20]} d5 {[%emt 0:08:09]} 8. Nb5 {[%emt 0:04:49]} dxc4 {[%emt 0:04:42]} 9. Nc7+ {[%emt 0:00:04]} Ke7 {[%emt 0:00:05]} 10. Qxd8+ {[%emt 0:00:11]} Kxd8 {[%emt 0:00:05]} 11. Nxa8 {[%emt 0:00:08]} Nbd7 {[%emt 0:00:04]} 12. Bxc4 {[%emt 0:07:07]} Bxg2 {[%emt 0:01:39]} 13. Rg1 {[%emt 0:02:56]} Bxa8 {[%emt 0:00:15]} 14. O-O-O {[%emt 0:00:42]} Bc6 {[%emt 0:04:35]} 15. b4 {[%emt 0:27:03]} Bf3 {[%emt 0:04:10]} 16. Rd4 {[%emt 0:05:18]} Bxb4 {[%emt 0:15:12]} 17. Rxg7 {[%emt 0:05:42]} Bc5 {[%emt 0:00:48]} 18. Rd2 {[%emt 0:10:51]} Ne4 {[%emt 0:00:33]} 19. Bg5+ {[%emt 0:01:33]} Kc7 {[%emt 0:02:00]} 20. Rd3 {[%emt 0:08:30]} Nd6 {[%emt 0:09:03]} 21. Bb3 {[%emt 0:04:07]} Be4 {[%emt 0:00:06]} 22. Rd1 {[%emt 0:00:53]} Bg6 {[%emt 0:00:06]} 23. Bf4 {[%emt 0:00:24]} e5 {[%emt 0:00:09]} 24. Bg3 {[%emt 0:00:33]} Nf5 {[%emt 0:02:18]} 25. Ba4 {[%emt 0:00:23]} Bd6 {[%emt 0:00:43]} 26. Rxg6 {[%emt 0:00:45]} hxg6 {[%emt 0:00:11]} 27. Bxd7 {[%emt 0:00:05]} Nxg3 {[%emt 0:00:04]} 28. Ba4 {[%emt 0:00:54]} Ne4 {[%emt 0:00:12]} 29. Bb3 {[%emt 0:00:19]} Ba3+ {[%emt 0:00:04]} 0-1

[Event "2nd Kalyan Dombivali 2019"]
[Site "Kalyan"]
[Date "2019.01.30"]
[Round "3"]
[White "Agarwal Shyam"]
[Black "Vijay, Anand M."]
[Result "0-1"]
[WhiteElo "1409"]
[BlackElo "1841"]
[Annotator "NA RC"]
[PlyCount "46"]
[EventDate "2019.01.28"]
[EventType "swiss"]
[EventRounds "10"]
[EventCountry "IND"]
[SourceTitle "playchess.com"]
[Source "ChessBase"]
[SourceQuality "1"]
[TimeControl "5400+30"]

1. e4 {[%emt 0:00:00]} c5 {[%emt 0:07:15]} 2. Nf3 {[%emt 0:00:00]} g6 {[%emt 0:00:07]} 3. d4 {[%emt 0:00:00]} cxd4 {[%emt 0:00:06]} 4. Nxd4 {[%emt 0:00:12]} Bg7 {[%emt 0:00:05]} 5. Nc3 {[%emt 0:00:25]} Nc6 {[%emt 0:00:07]} 6. Be3 {[%emt 0:00:29]} Nf6 {[%emt 0:00:07]} 7. Be2 {[%emt 0:01:19]} O-O {[%emt 0:00:37]} 8. O-O {[%emt 0:01:08]} d5 {[%emt 0:00:56]} 9. exd5 {[%emt 0:06:43]} Nb4 {[%emt 0:00:05]} 10. Qd2 {[%emt 0:03:26]} Nbxd5 {[%emt 0:02:57]} 11. Nxd5 {[%emt 0:01:59]} Nxd5 {[%emt 0:00:24]} 12. Bh6 {[%emt 0:05:19]} Bxh6 {[%emt 0:02:02]} 13. Qxh6 {[%emt 0:01:14]} Qb6 {[%emt 0:00:05]} 14. Nb3 {[%emt 0:04:47]} Bf5 {[%emt 0:05:29]} 15. c3 {[%emt 0:03:22]} e5 {[%emt 0:00:30]} 16. Qh4 {[%emt 0:08:39]} Nf4 {[%emt 0:03:01]} 17. Bf3 {[%emt 0:03:14]} Rfe8 {[%emt 0:01:50]} 18. Rfe1 {[%emt 0:02:56]} a5 {[%emt 0:04:01]} 19. Be4 {[%emt 0:06:54]} Bxe4 {[%emt 0:02:25]} 20. Rxe4 {[%emt 0:01:26]} a4 {[%emt 0:00:15]} 21. Nd2 {[%emt 0:06:15]} Qxb2 {[%emt 0:01:14]} 22. Rd1 {[%emt 0:00:16]} Qc2 {[%emt 0:04:01]} 23. Ree1 {[%emt 0:01:26]} Rad8 {[%emt 0:03:10]} 0-1

[Event "2nd Kalyan Dombivali 2019"]
[Site "Kalyan"]
[Date "2019.01.30"]
[Round "3"]
[White "Virle Kimaya"]
[Black "Nehete Akshay S"]
[Result "0-1"]
[WhiteElo "1391"]
[BlackElo "1788"]
[Annotator "NA RC"]
[PlyCount "56"]
[EventDate "2019.01.28"]
[EventType "swiss"]
[EventRounds "10"]
[EventCountry "IND"]
[SourceTitle "playchess.com"]
[Source "ChessBase"]
[SourceQuality "1"]
[TimeControl "5400+30"]

1. d4 {[%emt 0:00:00]} Nf6 {[%emt 0:00:00]} 2. c4 {[%emt 0:00:00]} g6 {[%emt 0:00:00]} 3. Nc3 {[%emt 0:00:00]} Bg7 {[%emt 0:00:03]} 4. e4 {[%emt 0:00:00]} d6 {[%emt 0:00:03]} 5. f3 {[%emt 0:00:03]} O-O {[%emt 0:04:39]} 6. Be3 {[%emt 0:00:19]} c5 {[%emt 0:05:52]} 7. dxc5 {[%emt 0:07:47]} dxc5 {[%emt 0:00:09]} 8. Qxd8 {[%emt 0:00:23]} Rxd8 {[%emt 0:00:04]} 9. Bxc5 {[%emt 0:00:06]} Nc6 {[%emt 0:00:11]} 10. Nd5 {[%emt 0:01:03]} Nxd5 {[%emt 0:10:00]} 11. cxd5 {[%emt 0:02:33]} Bxb2 {[%emt 0:00:29]} 12. Rb1 {[%emt 0:01:20]} Bc3+ {[%emt 0:00:43]} 13. Kf2 {[%emt 0:01:53]} b6 {[%emt 0:14:10]} 14. Rc1 {[%emt 0:06:50]} Bb2 {[%emt 0:12:37]} 15. Rc2 {[%emt 0:01:42]} Bf6 {[%emt 0:02:42]} 16. Be3 {[%emt 0:07:53]} Nb4 {[%emt 0:05:55]} 17. Rc7 {[%emt 0:42:55]} Nxa2 {[%emt 0:00:55]} 18. Bd2 {[%emt 0:06:26]} a5 {[%emt 0:05:03]} 19. Bc4 {[%emt 0:05:19]} Nb4 {[%emt 0:03:08]} 20. Be3 {[%emt 0:01:45]} Rb8 {[%emt 0:01:16]} 21. Ne2 {[%emt 0:09:23]} b5 {[%emt 0:12:16]} 22. Ba7 {[%emt 0:01:23]} Ra8 {[%emt 0:01:25]} 23. Bxb5 {[%emt 0:00:18]} Be5 {[%emt 0:00:36]} 24. Rxe7 {[%emt 0:00:27]} Bd6 {[%emt 0:00:05]} 25. Bb6 {[%emt 0:01:24]} Bxe7 {[%emt 0:00:19]} 26. Bxd8 {[%emt 0:00:08]} Bxd8 {[%emt 0:00:05]} 27. Rb1 {[%emt 0:01:06]} Ba6 {[%emt 0:01:12]} 28. Bc6 {[%emt 0:00:44]} Rb8 {[%emt 0:00:35]} 0-1

[Event "2nd Kalyan Dombivali 2019"]
[Site "Kalyan"]
[Date "2019.01.30"]
[Round "3"]
[White "Rajveer Pinkesh Nahar"]
[Black "Shreyas Ghadi"]
[Result "0-1"]
[WhiteElo "1389"]
[BlackElo "1653"]
[Annotator "NA RC"]
[PlyCount "108"]
[EventDate "2019.01.28"]
[EventType "swiss"]
[EventRounds "10"]
[EventCountry "IND"]
[SourceTitle "playchess.com"]
[Source "ChessBase"]
[SourceQuality "1"]
[TimeControl "5400+30"]

1. e4 {[%emt 0:00:00]} e6 {[%emt 0:00:00]} 2. d4 {[%emt 0:00:00]} d5 {[%emt 0:00:00]} 3. Nd2 {[%emt 0:00:07]} c5 {[%emt 0:00:00]} 4. exd5 {[%emt 0:00:06]} Qxd5 {[%emt 0:00:00]} 5. Ngf3 {[%emt 0:00:51]} cxd4 {[%emt 0:01:06]} 6. Bc4 {[%emt 0:00:31]} Qd8 {[%emt 0:00:10]} 7. Nb3 {[%emt 0:00:36]} Nc6 {[%emt 0:04:31]} 8. Nfxd4 {[%emt 0:00:35]} Nxd4 {[%emt 0:00:56]} 9. Qxd4 {[%emt 0:01:38]} Qxd4 {[%emt 0:00:38]} 10. Nxd4 {[%emt 0:00:07]} a6 {[%emt 0:00:16]} 11. a4 {[%emt 0:00:44]} Nf6 {[%emt 0:01:24]} 12. a5 {[%emt 0:00:31]} Be7 {[%emt 0:01:06]} 13. O-O {[%emt 0:01:21]} O-O {[%emt 0:00:26]} 14. Be3 {[%emt 0:06:25]} Bd7 {[%emt 0:02:54]} 15. Rad1 {[%emt 0:01:04]} Rac8 {[%emt 0:00:37]} 16. Bd3 {[%emt 0:02:58]} Rfd8 {[%emt 0:18:30]} 17. Nb3 {[%emt 0:01:59]} Nd5 {[%emt 0:03:14]} 18. Bd4 {[%emt 0:00:58]} Bc6 {[%emt 0:01:20]} 19. g3 {[%emt 0:09:45]} Nb4 {[%emt 0:02:24]} 20. Bb6 {[%emt 0:01:23]} Re8 {[%emt 0:05:47]} 21. Rfe1 {[%emt 0:08:26]} Ba4 {[%emt 0:05:42]} 22. Re2 {[%emt 0:05:09]} Nxd3 {[%emt 0:00:22]} 23. Rxd3 {[%emt 0:01:10]} Bb5 {[%emt 0:00:03]} 24. Rdd2 {[%emt 0:00:37]} Bxe2 {[%emt 0:00:07]} 25. Rxe2 {[%emt 0:00:04]} Bd8 {[%emt 0:00:33]} 26. Bc5 {[%emt 0:00:49]} Bxa5 {[%emt 0:01:14]} 27. Nxa5 {[%emt 0:00:19]} Rxc5 {[%emt 0:00:01]} 28. Nxb7 {[%emt 0:00:09]} Rd5 {[%emt 0:01:34]} 29. c4 {[%emt 0:00:23]} Rd1+ {[%emt 0:00:24]} 30. Kg2 {[%emt 0:00:12]} Rc1 {[%emt 0:04:24]} 31. b3 {[%emt 0:00:51]} Rc3 {[%emt 0:01:30]} 32. Rb2 {[%emt 0:01:44]} Rb8 {[%emt 0:00:05]} 33. Nc5 {[%emt 0:00:05]} Rxc4 {[%emt 0:02:08]} 34. Nxa6 {[%emt 0:00:46]} Rb6 {[%emt 0:00:02]} 35. Rd2 {[%emt 0:03:12]} Rc8 {[%emt 0:00:04]} 36. Nc5 {[%emt 0:00:39]} Rb5 {[%emt 0:00:14]} 37. Nd3 {[%emt 0:01:39]} Rxb3 {[%emt 0:00:17]} 38. Ne5 {[%emt 0:00:49]} f6 {[%emt 0:00:55]} 39. Ng4 {[%emt 0:00:11]} Rc7 {[%emt 0:00:45]} 40. Rd6 {[%emt 0:00:31]} Kf7 {[%emt 0:00:07]} 41. Ne3 {[%emt 0:00:23]} Rb2 {[%emt 0:00:37]} 42. Ng4 {[%emt 0:01:08]} Rcc2 {[%emt 0:00:21]} 43. Rd7+ {[%emt 0:01:55]} Kg6 {[%emt 0:00:01]} 44. Re7 {[%emt 0:00:43]} h5 {[%emt 0:00:10]} 45. Ne3 {[%emt 0:00:22]} Rxf2+ {[%emt 0:00:05]} 46. Kg1 {[%emt 0:00:05]} Rfe2 {[%emt 0:00:14]} 47. Nf1 {[%emt 0:00:32]} e5 {[%emt 0:00:17]} 48. h4 {[%emt 0:02:11]} Rb1 {[%emt 0:00:49]} 49. Rc7 {[%emt 0:00:17]} Ree1 {[%emt 0:00:02]} 50. Rc2 {[%emt 0:00:10]} Rxf1+ {[%emt 0:00:05]} 51. Kh2 {[%emt 0:01:32]} Kf5 {[%emt 0:00:28]} 52. Kh3 {[%emt 0:00:15]} Rh1+ {[%emt 0:00:09]} 53. Kg2 {[%emt 0:00:05]} Rbg1+ {[%emt 0:00:08]} 54. Kf3 {[%emt 0:00:03]} Rh3 {[%emt 0:00:18]} 0-1

[Event "2nd Kalyan Dombivali 2019"]
[Site "Kalyan"]
[Date "2019.01.30"]
[Round "3"]
[White "Yadav Aakashkumar"]
[Black "Chhabra Aakash"]
[Result "0-1"]
[WhiteElo "1381"]
[BlackElo "1619"]
[Annotator "NA RC"]
[PlyCount "72"]
[EventDate "2019.01.28"]
[EventType "swiss"]
[EventRounds "10"]
[EventCountry "IND"]
[SourceTitle "playchess.com"]
[Source "ChessBase"]
[SourceQuality "1"]
[TimeControl "5400+30"]

1. Nf3 {[%emt 0:00:35]} Nf6 {[%emt 0:00:00]} 2. c4 {[%emt 0:05:35]} e6 {[%emt 0:00:00]} 3. d4 {[%emt 0:14:01]} d5 {[%emt 0:00:02]} 4. g3 {[%emt 0:08:44]} c6 {[%emt 0:00:11]} 5. Bg2 {[%emt 0:01:43]} Bd6 {[%emt 0:00:12]} 6. O-O {[%emt 0:00:53]} O-O {[%emt 0:00:07]} 7. b3 {[%emt 0:00:35]} Nbd7 {[%emt 0:00:24]} 8. Bb2 {[%emt 0:05:31]} b6 {[%emt 0:00:42]} 9. Ne5 {[%emt 0:01:54]} Bb7 {[%emt 0:01:02]} 10. Nd2 {[%emt 0:07:53]} c5 {[%emt 0:01:46]} 11. Nxd7 {[%emt 0:01:01]} Nxd7 {[%emt 0:02:35]} 12. e4 {[%emt 0:00:24]} cxd4 {[%emt 0:02:40]} 13. exd5 {[%emt 0:00:34]} e5 {[%emt 0:01:18]} 14. Ne4 {[%emt 0:01:19]} Nc5 {[%emt 0:01:41]} 15. Nxd6 Qxd6 {[%emt 0:00:49]} 16. f4 {[%emt 0:02:08]} f6 {[%emt 0:01:42]} 17. Ba3 {[%emt 0:06:31]} a5 {[%emt 0:02:47]} 18. Kh1 {[%emt 0:02:54]} Rae8 {[%emt 0:01:53]} 19. Rc1 {[%emt 0:01:09]} Bc8 {[%emt 0:02:33]} 20. fxe5 {[%emt 0:02:34]} fxe5 {[%emt 0:00:11]} 21. Be4 {[%emt 0:00:31]} Qh6 {[%emt 0:05:10]} 22. Qe2 {[%emt 0:03:24]} Bh3 {[%emt 0:04:46]} 23. Rxf8+ {[%emt 0:00:25]} Rxf8 {[%emt 0:00:35]} 24. Bg2 {[%emt 0:00:23]} Bxg2+ {[%emt 0:02:31]} 25. Kxg2 {[%emt 0:00:54]} e4 {[%emt 0:04:36]} 26. Bxc5 {[%emt 0:01:39]} bxc5 {[%emt 0:01:21]} 27. Rf1 {[%emt 0:00:44]} Rxf1 {[%emt 0:01:09]} 28. Qxf1 {[%emt 0:00:48]} Qd2+ {[%emt 0:02:07]} 29. Kh3 {[%emt 0:00:40]} Qg5 {[%emt 0:11:30]} 30. Qe1 {[%emt 0:01:20]} Qh5+ {[%emt 0:07:53]} 31. Kg2 {[%emt 0:00:19]} Qf3+ {[%emt 0:00:12]} 32. Kh3 {[%emt 0:00:16]} e3 {[%emt 0:06:26]} 33. Qxa5 {[%emt 0:00:15]} e2 {[%emt 0:00:32]} 34. Qa8+ {[%emt 0:01:48]} Qf8 {[%emt 0:00:25]} 35. Qa5 {[%emt 0:00:02]} Qf1+ {[%emt 0:00:11]} 36. Kh4 {[%emt 0:00:13]} e1=Q {[%emt 0:00:25]} 0-1

[Event "2nd Kalyan Dombivali 2019"]
[Site "Kalyan"]
[Date "2019.01.30"]
[Round "3"]
[White "Vaval Aaditi"]
[Black "Akshit Jha"]
[Result "0-1"]
[WhiteElo "1367"]
[BlackElo "1604"]
[Annotator "NA RC"]
[PlyCount "38"]
[EventDate "2019.01.28"]
[EventType "swiss"]
[EventRounds "10"]
[EventCountry "IND"]
[SourceTitle "playchess.com"]
[Source "ChessBase"]
[SourceQuality "1"]
[TimeControl "5400+30"]

1. e4 {[%emt 0:00:00]} e6 {[%emt 0:00:00]} 2. d4 {[%emt 0:00:00]} d5 {[%emt 0:00:00]} 3. e5 {[%emt 0:00:00]} c5 {[%emt 0:00:00]} 4. c3 {[%emt 0:00:00]} Qb6 {[%emt 0:00:00]} 5. Nf3 {[%emt 0:00:00]} Nc6 {[%emt 0:00:00]} 6. a3 {[%emt 0:00:03]} c4 {[%emt 0:00:00]} 7. Be2 {[%emt 0:01:26]} Na5 {[%emt 0:00:00]} 8. Nbd2 {[%emt 0:00:09]} Bd7 {[%emt 0:00:00]} 9. O-O {[%emt 0:01:57]} Ne7 {[%emt 0:00:03]} 10. Rb1 {[%emt 0:01:49]} Qc7 {[%emt 0:00:05]} 11. Qc2 {[%emt 0:12:01]} Nc8 {[%emt 0:01:41]} 12. Bd1 {[%emt 0:02:21]} Nb6 {[%emt 0:01:09]} 13. b4 {[%emt 0:03:06]} cxb3 {[%emt 0:00:08]} 14. Nxb3 {[%emt 0:00:01]} Nac4 {[%emt 0:00:19]} 15. Ra1 {[%emt 0:03:19]} Rc8 {[%emt 0:01:06]} 16. Nbd2 {[%emt 0:10:42]} Na4 {[%emt 0:06:44]} 17. Qb3 {[%emt 0:07:34]} Na5 {[%emt 0:01:01]} 18. Qc2 {[%emt 0:06:13]} Nxc3 {[%emt 0:01:30]} 19. Kh1 {[%emt 0:01:45]} Ba4 {[%emt 0:00:39]} 0-1